<?xml version="1.0" encoding="UTF-8"?>
<collection xmlns="http://www.loc.gov/MARC21/slim">
 <record>
  <leader>00723cam a2200193 7i4500</leader>
  <controlfield tag="001">0000075577</controlfield>
  <controlfield tag="005">20140630090000.0</controlfield>
  <controlfield tag="008">081217s2009    cau      b    000 0 eng  </controlfield>
  <datafield tag="020" ind1="#" ind2="0">
   <subfield code="a">9780470395011 </subfield>
  </datafield>
  <datafield tag="090" ind1="0" ind2="0">
   <subfield code="a">BF 575 </subfield>
   <subfield code="b">.S37 R6 2009</subfield>
  </datafield>
  <datafield tag="100" ind1="1" ind2="#">
   <subfield code="a">Robbins, Mike, </subfield>
   <subfield code="c">1974- </subfield>
  </datafield>
  <datafield tag="245" ind1="1" ind2="0">
   <subfield code="a">Be yourself, everyone else is already taken : </subfield>
   <subfield code="b">transform your life with the power of authenticity  </subfield>
   <subfield code="c">Mike Robbins..</subfield>
  </datafield>
  <datafield tag="260" ind1="#" ind2="#">
   <subfield code="a">San Francisco: </subfield>
   <subfield code="b">Jossey-Bass, </subfield>
   <subfield code="c">2009.</subfield>
  </datafield>
  <datafield tag="300" ind1="#" ind2="#">
   <subfield code="a">xii, 238 p.: </subfield>
   <subfield code="b">ill.; </subfield>
   <subfield code="c">23 cm..</subfield>
  </datafield>
  <datafield tag="504" ind1="0" ind2="0">
   <subfield code="a">Includes bibliographical references</subfield>
  </datafield>
  <datafield tag="590" ind1="#" ind2="#">
   <subfield code="a">Pusat Pengajian Pembangunan Sosial dan Ekonomi</subfield>
  </datafield>
  <datafield tag="650" ind1="0" ind2="0">
   <subfield code="a">Self -- </subfield>
   <subfield code="x">esteem </subfield>
  </datafield>
  <datafield tag="650" ind1="0" ind2="0">
   <subfield code="a">Self -- </subfield>
   <subfield code="x">acceptance </subfield>
  </datafield>
  <datafield tag="999" ind1=" " ind2=" ">
   <subfield code="a">1100070732</subfield>
   <subfield code="b">Book</subfield>
   <subfield code="c">Open Shelf</subfield>
   <subfield code="e">KOLEKSI TERBUKA</subfield>
  </datafield>
 </record>
</collection>
